Archivos de España y América : (Record no. 192833)

MARC details
000 -LEADER
campo de control de longitud fija 01238nam a2200301 c 4500
001 - NÚMERO DE CONTROL
campo de control 192833
003 - IDENTIFICADOR DE NÚMERO DE CONTROL
campo de control SpMaBN
005 - FECHA Y HORA DE LA ÚLTIMA TRANSACCIÓN
campo de control 20240418063128.0
008 - DATOS DE LONGITUD FIJA--INFORMACIÓN GENERAL
campo de control de longitud fija 230530s2011 sp a | |||| 000 0 spa
017 ## - NÚMERO DE COPYRIGHT O DE DEPÓSITO LEGAL
Número de copyright o de depósito legal B 29802-2011
Agencia que asigna Oficina Depósito Legal Barcelona
020 ## - NÚMERO INTERNACIONAL ESTÁNDAR DEL LIBRO
Número Internacional Estándar del Libro 9788497858083
035 ## - NÚMERO DE CONTROL DEL SISTEMA
Número de control de sistema (OCoLC)796346881
040 ## - FUENTE DE CATALOGACIÓN
Centro catalogador/agencia de origen SpMaBN
Lengua de catalogación spa
Centro/agencia transcriptor SpMaBN
Normas de descripción rdc
Centro/agencia modificador ES-MaACL
080 ## - NÚMERO DE LA CLASIFICACIÓN DECIMAL UNIVERSAL
Número de la Clasificación Decimal Universal 930.25(460):004
080 ## - NÚMERO DE LA CLASIFICACIÓN DECIMAL UNIVERSAL
Número de la Clasificación Decimal Universal 930.25(8=134):004
245 00 - MENCIÓN DEL TÍTULO
Título Archivos de España y América :
Resto del título 25 años de tecnología al servicio de su conservación, gestión y difusión /
Mención de responsabilidad, etc. [traducción, Richard-Lewis Rees]
260 ## - PUBLICACIÓN, DISTRIBUCIÓN, ETC.
Lugar de publicación, distribución, etc. Barcelona ;
-- Madrid :
Nombre del editor, distribuidor, etc. Lunwerg,
Fecha de publicación, distribución, etc. [2011]
300 ## - DESCRIPCIÓN FÍSICA
Extensión 318 páginas :
Otras características físicas ilustraciones (blanco y negro y color), mapas ;
Dimensiones 33 cm
546 ## - NOTA DE IDIOMA
Nota de lengua/lenguaje Texto en español e inglés
650 #0 - PUNTO DE ACCESO ADICIONAL DE MATERIA--TÉRMINO DE MATERIA
Término de materia o nombre geográfico como elemento de entrada Archivos-
Subdivisión general Tecnología de la información-
Subdivisión geográfica España
Fuente del encabezamiento o término embne
9 (RLIN) 226488
650 #0 - PUNTO DE ACCESO ADICIONAL DE MATERIA--TÉRMINO DE MATERIA
Término de materia o nombre geográfico como elemento de entrada Archivos-
Subdivisión general Tecnología de la información-
Subdivisión geográfica América Latina
Fuente del encabezamiento o término embne
9 (RLIN) 226489
700 1# - ENTRADA AGREGADA--NOMBRE PERSONAL
9 (RLIN) 235828
Nombre de persona Rees, Richard Lewis
Término indicativo de función/relación Traductor
852 ## - LOCALIZACIÓN
Ubicación ES-MaACL
Sublocalización o colección R. 152460
Ubicación en estantería Depósito J
Donativo/Legado Donación: Editorial
Número de control de estantería N-8467
Encuadernación Cartoné
itemnumber 200135
942 ## - ELEMENTOS DE ENTRADA SECUNDARIOS (KOHA)
Tipo de ítem Koha Libro impreso
Suprimir en OPAC No
Holdings
Estatus retirado Estado de pérdida Fuente del sistema de clasificación o colocación Estado de daño No para préstamo Colección Biblioteca de origen Biblioteca actual Ubicación en estantería Fecha de adquisición Fuente de adquisición Total de préstamos Signatura topográfica completa Código de barras Visto por última vez Tipo de ítem Koha
    Clasificación decimal universal     Biblioteca profesional Biblioteca del Ateneo de Madrid Biblioteca del Ateneo de Madrid Depósito J 28/01/2019 Donación   N-8467 101205424 30/05/2023 Libro impreso